The confessions
Guardat en:
| Autor principal: | |
|---|---|
| Format: | Llibre |
| Idioma: | anglès |
| Publicat: |
Chicago
Encyclopaedia Britannica
1952
|
| Col·lecció: | Great Books of the Western World, 18
|
| Matèries: | |
| Etiquetes: |
Afegir etiqueta
Sense etiquetes, Sigues el primer a etiquetar aquest registre!
|
MARC
| LEADER | 00000nam a2200000 a 4500 | ||
|---|---|---|---|
| 001 | UCM8112 | ||
| 003 | CL-VaPUC | ||
| 008 | 030124e19520000US |||||||||||||||||eng|d | ||
| 082 | 0 | 4 | |a 189.2 |b AGU |2 21 |
| 100 | |a San Agustín de Hipona |x Teólogo y filósofo cristiano |9 311590 | ||
| 245 | 1 | 4 | |a The confessions |
| 246 | 1 | 4 | |a The city of God |
| 246 | 1 | 0 | |a On christian doctrine |
| 300 | |a 698 p | ||
| 942 | |c BK | ||
| 945 | |d 20030124 00:00:00 |a cmena | ||
| 260 | |a Chicago |b Encyclopaedia Britannica |c 1952 | ||
| 650 | 0 | |a Teología dogmática |9 313198 | |
| 650 | 0 | |a Teología moral |9 256617 | |
| 650 | 0 | |a Filosofía cristiana |9 265980 | |
| 650 | 0 | |a Teología moral |9 256617 | |
| 583 | |a last modification |c 20030124 00:00:00 |k Rodrigo Vera | ||
| 490 | 0 | |a Great Books of the Western World, 18 | |
| 999 | |c 302711 |d 302709 | ||
| 952 | |0 0 |1 0 |4 0 |6 189_200000000000000_AGU_1952 |7 0 |8 A |9 363423 |a BIBGIM |b BIBGIM |d 2019-11-21 |i 3878457 |o 189.2 AGU 1952 |p 3878457 |r 2025-01-15 |w 2019-11-21 |y BK |k GIM | ||